| 000 | 00771nam a22002055i 4500 | ||
|---|---|---|---|
| 001 | 151775 | ||
| 003 | ES-MaACL | ||
| 005 | 20250809031526.0 | ||
| 008 | 051005s1863 fr | |||||||| ||fre d | ||
| 040 |
_aCAM _bspa _cCAM |
||
| 100 | 1 |
_aBédarride, J. _9126256 |
|
| 245 | 1 | 0 |
_aDes commissionnaires _b: avec Appendice sur les modifications qui y ont été introduites / _cpar J. Bédarride. |
| 260 |
_aParis : _bAuguste Durand ; _aAix : _bRemondet-Aubin, _c1863. |
||
| 300 |
_a547 p. ; _c22 cm. |
||
| 490 | 1 |
_aDroit commercial. Commentaire du Code de Commerce ; _v6 |
|
| 650 | 7 |
_aDerecho mercantil _2embne _9135891 |
|
| 830 | 0 |
_aDroit commercial. Commentaire du Code de Commerce ; _v6 _9187673 |
|
| 852 |
_aES-MaACL _jG-14178 _z-- Enc. hol. |
||
| 999 |
_c151775 _d151775 |
||